Statystyki dla 15 największych miast w województwie kujawsko-pomorskim

Kliknij tutaj aby rozwiązać quiz!

Ogólne statystyki

  • Ten quiz został rozwiązany 36 razy
  • Średni wynik to 11 z 15

Statystyki odpowiedzi

MieszkańcyMiasto% Poprawnych
344 091Bydgoszcz
97%
198 106Toruń
97%
108 561Włocławek
94%
93 564Grudziądz
91%
71 674Inowrocław
88%
25 486Świecie
79%
13 623Żnin
76%
18 026Nakło nad Notecią
68%
15 999Rypin
68%
28 701Brodnica
65%
19 205Chełmno
65%
15 614Solec Kujawski
62%
14 283Lipno
59%
13 534Tuchola
59%
14 362Chełmża
44%

Rozkład punktacji

Percentyl według liczby udzielonych odpowiedzi

Procent ludzi z każdym wynikiem

Twoja historia wyników

Nie rozwiązałeś tego quizu